Deadliest warrior winners and seasons Quiz Stats

 Plays Quiz not verified by Sporcle

Challenge
Share
Tweet
Embed
Score 0/24 Timer 06:00
0 Plays Today
Losers Winners % Correct
Shaka ZuluWilliam Wallace
75%
KnightPirate
73.1%
NinjaSpartan
69.2%
Ancient Times Showdown winnerSpartan
69.2%
Israeli CommandoNavy Seal
67.3%
YakuzaMafia
65.4%
Sun tzuVlad the Impaler
61.5%
Maori WarriorShaolin Monk
59.6%
TalibanIRA
59.6%
GSG9Swat
57.7%
KGBCIA
55.8%
Al CaponeJesse James
55.8%
Losers Winners % Correct
VikingSamurai
53.8%
Ming WarriorMusketeer
50%
GladiatorApache
50%
MongolComanche
46.2%
Medellian CartelSomali Pirate
40.4%
Roman CenturianRajput
38.5%
CeltPersian Immortal
38.5%
Green BeretSpetznaz
36.5%
Alexander the GreatAttila the Hun
36.5%
Modern Times Showdown WinnerSpetznaz
36.5%
Aztec WarriorZande Warrior
34.6%
VietcongNazi SS
30.8%

You're not logged in!

Compare scores with friends on all Sporcle quizzes.
Join for Free
OR
Log In

You Might Also Like...

Show Comments

Extras

Created Aug 17, 2010ReportNominate
Tags:deadliest, loser, season, warrior, winner

Top Quizzes Today


Score Distribution

Your Account Isn't Verified!

In order to create a playlist on Sporcle, you need to verify the email address you used during registration. Go to your Sporcle Settings to finish the process.

Report this User

Report this user for behavior that violates our Community Guidelines.

Details: